000 00614nam a2200217Ia 4500
003 OSt
005 20220927105115.0
006 a|||||r|||| 00| 0
007 ta
008 220926b |||||||| |||| 00| 0 eng d
024 _a170350
037 _cReference Collections
040 _aRTL
_cRTL
_beng
041 _2eng
_aeng
082 _a"n7, N78s, L8"
245 0 _aStatistical yearbook for latin America 1978.
260 _aUnited
_bNations Economic Commission for latin America
_c1978
300 _axvi; 471p.
_ccm.
942 _h"n7, N78s, L8"
_cCC
999 _c690686
_d690686